000 00722cam a2200229 a 4500
001 2507512
005 20180824031407.0
008 931222s1993 txua b 001 0 eng
010 _a 92072261
020 _a0155001981
040 _aDLC
_cDLC
_dDLC
041 _aeng
043 _an-us---
080 _a32
100 1 _a20.
101 _aPOL
245 1 0 _aDemocracy under pressure :
_cMilton C. Cummings, Jr., David Wise.
504 _aIncludes bibliographical references and index.
906 _a7
_bcbc
_corignew
_d2
_eopcn
_f19
_gy-gencatlg
942 _2ddc
_cBK
999 _c47306
_d47306